Super Mario Odyssey - All Power Moons - Cap Kingdom - Statistics

General Stats
  • This quiz has been taken 10 times
  • The average score is 27 of 31
Answer Stats
Answer % Correct
Cap Kingdom Master Cup
100%
Cap Kingdom Regular Cup
100%
Cap Kingdom Timer Challenge 1
100%
Cap Kingdom Timer Challenge 2
100%
Danger Sign
100%
Found with Cap Kingdom Art
100%
Frog-Jumping Above the Fog
100%
Frog-Jumping from the Top Deck
100%
Good Evening, Captain Toad!
100%
Peach in the Cap Kingdom
100%
Precision Rolling
100%
Secrets of the Frog Pond
100%
Shopping in Bonneton
100%
Skimming the Poison Tide
100%
Slipping Through the Poison Tide
100%
Spin the Hat, Get a Prize
100%
Taking Notes: In the Fog
100%
Caught Hopping Near the Ship!
80%
Fly to the Edge of the Fog
80%
Hidden Among the Push-Blocks
80%
Next to Glasses Bridge
80%
Push-Block Peril
80%
Roll On and On
80%
Searching the Frog Pond
80%
The Forgotten Treasure
80%
Bird Traveling in the Fog
60%
Fog-Shrouded Platform
60%
Taxi Flying Through Bonneton
60%
Under the Big One's Brim
60%
Bonnetter Blockade
40%
Hidden in a Sunken Hat
40%
No matching quizzes found
Score Distribution
Percent of People with Each Score
Percentile by Number Answered
Your Score History
You have not taken this quiz